000 00358nam a2200133Ia 4500
005 20260328104308.0
008 260328s9999||||xx |||||||||||||| ||und||
100 _aEntwistle, Jill
245 0 _aDetail in Contemporary Lighting Design /
_cJill Entwistle
260 _bLaurence King
300 _a192 p.
650 _aARQUITECTURA DE INTERIORES
942 _cBK
999 _c10853
_d10853